000 00656nam a22002297a 4500
003 UA-OsUOA
001 29055
007 ta
008 20050524b un ||||| |||| 00| 0 ukr d
090 _a94(4)
_bІ-90
942 _cBK
040 _aUA-OsUOA
_bukr
_cUA-OsUOA
_dUA-OsUOA
245 _aІсторія Південних і Західних слов'ян
_cРед. С. А.Нікітін І. М.Білявська І. Н.Частухін
300 _a558 с.
_bІлюстрації
955 _a0
041 _aukr
080 _a94(4)
260 _aК.
_bРадянська школа
_c1959
044 _aUA
650 7 _2UDC
999 _c315432
_d315432